Compassionate ground appointment scheme/ (Record no. 193745)

MARC details
000 -LEADER
fixed length control field 00565nam a22001817a 4500
005 - DATE AND TIME OF LATEST TRANSACTION
control field 20230317171311.0
010 ## - LCCN (DPL NO)
LC control number ENG-135683
020 ## - INTERNATIONAL STANDARD BOOK NUMBER
Terms of availability 300.00
035 ## - SYSTEM CONTROL NUMBER
System control number EN-119215
037 ## - SOURCE OF ACQUISITION
Source of stock number/acquisition DBAD/PUB
082 ## - DEWEY DECIMAL CLASSIFICATION NUMBER
Classification number 320.95431
100 ## - MAIN ENTRY--PERSONAL NAME
Personal name R. Krishnasamy
245 ## - TITLE STATEMENT
Title Compassionate ground appointment scheme/
Statement of responsibility, etc By R. Krishnasamy
260 ## - PUBLICATION, DISTRIBUTION, ETC. (IMPRINT)
Place of publication, distribution, etc Sivakasi West
Name of publisher, distributor, etc R.K.Publications
Date of publication, distribution, etc 2016
270 ## - ADDRESS
Address No.2/789-A6, Sri Sastha Mani illam, Laxmi Nagar, Reserve Line
City New Delhi
Postal code 626124
300 ## - PHYSICAL DESCRIPTION
Extent 187p.
Dimensions 22cm(pbk)
942 ## - ADDED ENTRY ELEMENTS (KOHA)
Source of classification or shelving scheme Dewey Decimal Classification
Item type English Books
Call number suffix KRI
Classification part 320.95431
Holdings
Withdrawn status Lost status Not for loan Collection code Home library Current library Date acquired Source of acquisition Cost, normal purchase price Full call number Barcode Copy number Cost, replacement price Koha item type
      Non-fiction Katevara Katevara 14/11/2022 DBAD/PUB 300.00 320.95431 KRI EN-119215 1 300.00 English Books

© Delhi Public Library
Hit Counter
free hit counter